000
00307nam a22001337a 4500
008
170927b xxu||||| |||| 00| 0 eng d
020
_a
0070363064
041
_a
eng
080
_2
3RD
_a
37
100
_a
46
101
_a
EDU
245
_a
SENTENCE SKILLS A WORKBOOK FOR WRITERS
_c
LANGAN,J
942
_2
udc
_c
BK
999
_c
30127
_d
30127